000 00385nam a22001337a 4500
008 200317b ||||| |||| 00| 0 eng d
082 _a615.19 MUP
100 _aMuthupraasanna, P.
245 _aPharmaceutics Practical Manual
250 _a3nd
_b2018
260 _aNew Delhi
_bBirla Publications Pvt. Ltd.
650 _aPharmaceutics (Dispensing and General Pharmacy)
942 _2ddc
_cBK
999 _c8548
_d8548